<?xml version="1.0" encoding="UTF-8"?>
<collection xmlns="http://www.loc.gov/MARC21/slim">
  <record>
    <leader>00000nam  2200000   4500</leader>
    <controlfield tag="001">INLIS000000000000715</controlfield>
    <controlfield tag="005">20181112113245</controlfield>
    <datafield tag="035" ind1="#" ind2="#">
      <subfield code="a">0010-0718000715</subfield>
    </datafield>
    <controlfield tag="008">181112################|##########|#|##</controlfield>
    <datafield tag="041" ind1=" " ind2=" ">
      <subfield code="a">id</subfield>
    </datafield>
    <datafield tag="082" ind1="#" ind2="#">
      <subfield code="a">034 PIM I 2015</subfield>
    </datafield>
    <datafield tag="090" ind1=" " ind2=" ">
      <subfield code="a">R.034 PIM I 2015</subfield>
    </datafield>
    <datafield tag="100" ind1=" " ind2="#">
      <subfield code="a">Zulkifli</subfield>
    </datafield>
    <datafield tag="245" ind1="1" ind2="#">
      <subfield code="a">Optimalisasi Pelaksanaan P /</subfield>
      <subfield code="c">Zulkipli</subfield>
    </datafield>
    <datafield tag="260" ind1="#" ind2="#">
      <subfield code="a">Jakarta :</subfield>
      <subfield code="b">LAN Jakarta,</subfield>
      <subfield code="c">2015</subfield>
    </datafield>
    <datafield tag="500" ind1="#" ind2="#">
      <subfield code="a">Tujuan dari pelaksanaan proyek perubahan ini terbagi menjadi tiga bagian, yaitu jangka pendek yang dilaksanakan selama enam bulan, jangka menengah yang dilaksanakan selama satu tahun dan jangka panjang yang dilaksanakan selama tiga tahun, adapun jangka pendek bertujuan untuk menjalin koordinasi yang sinergis dan berkesinambungan antara BNNP, BNNK, dan pemerintah daerah. Koordinasi ini dilaksanakan untuk mengetahui permasalahan yang terjadi di lapangan sehingga menjadi bahan pertimbangan pembuatan juklak dan juknis dalam pembentukan BNNK non vertikalisasi di daerah kabupaten/kota. Untuk jangka menengah dari pelaksanaan proyek perubahan ini adalah terbentuknya BNNK non vertikalisasi di wilayah provinsi Lampung dengan dukungan anggaran dalam APBD atas persetujuan DPRD kabupaten/kota, dukungan personil serta Gedung perkantoran yang memadai. Sedangkan untuk jangka panjang bertujuan untuk disusunnya Kepres tentang pembentukan BNNK non vertikalisasi guna meningkatkan kinerja instansi BNN dalam upaya P4GN di wilayah Indonesia.</subfield>
    </datafield>
    <datafield tag="650" ind1=" " ind2="#">
      <subfield code="a">Narkoba</subfield>
    </datafield>
    <datafield tag="084" ind1="#" ind2="#">
      <subfield code="a">034 PIM I 2015</subfield>
    </datafield>
  </record>
</collection>
